000 00718nam a2200181Ia 4500
003 GCL
008 140319s9999 xx 000 0 ara d
040 _aGCL /
_cGCL
082 0 4 _a418
_bا ت
100 1 _aاسعد خليل داغر
245 1 0 _aتذكرة الكاتب :
_bكتاب يتضمن التنبيه على اهم الغلطات اللغوية الدائرة فى السنه الخطباء واقلام الكتاب فى هذه الايام /
_cاسعد خليل داغر
260 _aالقاهرة :
_bدار العربى للنشر والتوزيع ،
_c1995
300 _a150 سم ؛
_c19 سم
490 _a
650 0 4 _aاللغة العربية
650 0 4 _aالاخطاء
942 _2ddc
_cBK
999 _c35547
_d35547